Statistiken für Top 20 All-Time Top-Scorer DEL

Klicken Sie hier um das Quiz zu spielen!

Allgemein

  • Dieses Quiz wurde 11 mal gespielt
  • Das Durchschnittsergebnis liegt bei 6 aus 20

Antwortstatistiken

NationalitätAntwortToreAssistsGesamte Punktzahl% Korrekt
1.DeutschlandPatrick Reimer394464858
75%
2.DeutschlandDaniel Kreutzer270529799
63%
4.DeutschlandDaniel Pietta241504745
50%
6.DeutschlandMichael Wolf337321658
50%
16.DeutschlandPatrick Hager211312523
38%
3.DeutschlandRobert Hock249537786
38%
18.DeutschlandYannic Seidenberg182340522
38%
15.DeutschlandBoris Blank172353525
25%
17.KanadaDave McLlwain184339523
25%
13.LettlandHerberts Vasiljevs227324551
25%
14.DeutschlandMirko Lüdemann175363538
25%
5.DeutschlandPhilipp Gogulla266430696
25%
10.KanadaSteve Walker213379592
25%
11.DeutschlandSven Felski225352577
25%
9.DeutschlandAlexander Barta241364605
13%
8.DeutschlandSebastian Furchner302312614
13%
7.DeutschlandThomas Greilinger285358643
13%
19.DeutschlandAndré Rankel247268515
0%
20.KanadaMike Bullard212300512
0%
12.KanadaRick Girard216350566
0%

Verteilung der Resultate

Perzentil nach korrekt beantworteten Fragen

Anzahl Personen mit jedem Resultat

Ihre Resultats-Entwicklung

Sie haben dieses Quiz noch nicht gespielt